000 00703nam a22001577a 4500
008 111004t xxu||||| |||| 00| 0 eng d
020 _a1588261158 9781588261151
050 _aDT1975.V35
100 _a Vale ,Peter C.
245 _aSecurity and politics in South Africa the regional dimension
_cPeter, Vale
260 _aBoulder,
_bRienner:
_c 2003.
300 _aviii, 251p.
_bills.
_c23.5cm
505 _aContents / New beginning -- The South African moment -- Making South African moment -- Making South Africa's security -- Writing migration as neoapartheid -- Ordering Southern Africa -- Continuity and community -- Primus inter pares.
650 _aSicherheitspolitik.
_xPolitik.
942 _2lcc
_cBK
999 _c151
_d7651